| 000 | 00357 a2200133 4500 | ||
|---|---|---|---|
| 005 | 20250627123938.0 | ||
| 020 | _a1-574444-02706 | ||
| 082 | _a658.311HAC | ||
| 100 | _aHACKER, C. A. | ||
| 245 | _aThe Costs of Bad Hiring Decision & How to Avoid Them, | ||
| 260 |
_bLucie Press, _c1996. |
||
| 300 |
_axvii, 256p, : ill.; figure _bIndex _c23cm |
||
| 942 |
_2ddc _cBKS |
||
| 999 |
_c5629 _d5629 |
||